000 01241nam a2200385 i 4500
001 37505
003 KOSZ 005
005 20200418132956.0
008 001010s2000 pl f f |000 0 pol d
020 _a8370174701
040 _cKOSZ 005
_aKOSZ 005
_dKOSZ 005/HR
046 _k1997
080 _a005
080 _a(075.8)
245 0 0 _aOrganizacja i zarządzanie /
_cAlfred Czermiński [et al.].
250 _aWyd.1 (dodr.).
260 _aGdańsk :
_bWydawnictwo Uniwersytetu Gdańskiego,
_c2000.
300 _a183 s. :
_brys., wykr. ;
_c24 cm.
336 _2rdacontent
_aTekst
_btxt
337 _2rdamedia
_aBez urządzenia pośredniczącego
_bn
338 _2rdacarrier
_aWolumin
_bnc
380 _aKsiążki
380 _aPublikacje dydaktyczne
385 _mPoziom nauczania
_aSzkoły wyższe
388 _a1901-2000
388 _a1989-2000
504 _aBibliogr. przy rozdz.
650 4 _aOrganizacja
650 4 _aZarządzanie
655 4 _aPodręczniki akademickie
658 _aZarządzanie i marketing
700 1 _aCzermiński, Alfred
_d(1923-2011)
_eAutor
856 _uhttp://koha.tu.koszalin.pl/cgi-bin/koha/opac-detail.pl?biblionumber=37505
_yKatalog online BPK
942 _cKS
_2UKD
999 _c37505
_d37505